Responses for show #5918 - Wednesday, May 12, 2010

2010 Tournament of Champions quarterfinal game 3.

Contestants

[<< previous game]

Andy Srinivasan, a high school science teacher from Clayton, North Carolina

Regina Robbins, an arts teacher from New York, New York

Dave Belote, a recently retired base commander from Woodbridge, Virginia

[next game >>]

Jeopardy! Round responses

IT'S A TELEGRAM
SURVIVORS OF THE BAND
THE NEW YORK TIMES CONTRIBUTORS
STARRY NIGHT
WHICH U.S. CABINET DEPT.?
ENDS WITH 3 VOWELS
    $200 18
the Titanic

Dave
    $200 2
[The other survivor was not mentioned by Alex.]

Dave Grohl (or Krist Novoselic)

Regina
    $200 1
China

Andy
    $200 26
Polaris

Dave
    $200 7
Department of Health & Human Services

Andy
    $200 9
(Andy: What is au revoir?)

adieu

DaveAndy
    $400 19
Hollywood

Regina
    $400 3
Pete Townshend (or Roger Daltrey)

Andy
    $400 14
a blog

Dave
    $400 27
Orion

Andy
    $400 8
the Department of the Interior

Regina
    $400 10
a beau

Regina
    $600 20
the Salvation Army

Andy
    $600 4
nobody

Triple Stumper
    $600 15
[Gail Collins read the clue as "...this first English child..."; the clue was printed on the screen as "..the first English child..."]

Virginia Dare

Dave
    $2,000 28
Gemini

Andy
    $600 23
Energy

Dave
    $600 11
milieu

Dave
    $800 21
(James) Joyce

Dave
    $800 5
Barry Gibb & Robin Gibb

Dave
    $800 16
the Balkan Peninsula

Regina
    $800 29
Aquarius

Regina
    $800 24
Commerce

Andy
    $800 12
(Alex: Remember, that was partly set in Italy, and the word we're going for is [*].)

ciao

Triple Stumper
    $1000 22
Mexico

Andy
    $1000 6
Michelle Phillips

Triple Stumper
    $1000 17
James Thurber

Triple Stumper
    $1000 30
Andromeda

Regina
    $1000 25
the State Department

Triple Stumper
    $1000 13
tableau

Regina

Scores at the first commercial break (after clue 17):

Dave Regina Andy
$2,600 $2,800 $600

Scores at the end of the Jeopardy! Round:

Dave Regina Andy
$4,400 $5,000 $5,400

Double Jeopardy! Round responses

ESSAYS
PALME D'OR WINNERS
COUNTRIES' LARGEST ETHNIC GROUPS
(Alex: You identify the country for us.)
YOU'RE TRIPPING
5 CLUES FOR A BUCK
WORDS THAT SHOULD RHYME
(Alex: ...but don't--words like... "kilo" and "see-lo". Silo, silo. I know, I know. I'm joking.)
    $400 6
Shakespeare

Triple Stumper
    $400 1
umbrellas

Dave
    $400 26
(Andy: What is Finland?)

Belgium

DaveAndy
    $400 21
Etna

Dave
    $400 14
(Dave: What is Secretary of the Treasury and Director of the Mint?)

Secretary of the Treasury & the Treasurer of the United States

Dave
Triple Stumper
    $400 11
hostage & postage

Regina
    $800 7
(John) Updike

Dave
    $800 2
Fahrenheit 9/11

Andy
    $800 27
Indonesia

Dave
    $800 22
Ponce de León

Andy
    $800 15
Providence

Triple Stumper
    $800 12
monkey & donkey

Regina
    $2,000 8
"Civil Disobedience"

Dave
    $1200 3
(Alex: For The Piano, right you are.)

Jane Campion

Regina
    $1200 28
Rwanda (or Burundi)

Andy
    $1200 23
Pike

Dave
    $1200 16
a shield

Andy
    $1200 13
plague & Prague

Andy
    $1600 9
Salinger

Regina
    $1600 4
(Andy: Who's Bergman?)

Blow-Up

Andy
Triple Stumper
    $1600 29
the Philippines

Andy
    $1600 24
Montreal

Triple Stumper
    $1600 17
1776

Dave
    $1600 19
father & bather

Regina
    $2000 10
(Khalil) Gibran

Dave
    $2000 5
(Dave: What is Leaving Las Vegas?)

Wild at Heart

DaveRegina
    $2,000 30
Sri Lanka

Andy
    $2000 25
(Dave: What is the Tierra del Fuego?)

Patagonia

DaveAndy
    $2000 18
(Dave: What is Denver?)

San Francisco

Dave
Triple Stumper
    $2000 20
bunion & union

Dave

Scores at the end of the Double Jeopardy! Round:

Dave Regina Andy
$9,600 $12,600 $14,200

Final Jeopardy! Round responses

18th CENTURY SCOTSMEN
DaveWho was Robert Fulton?
$4,601
ReginaWho is Kelvin?
$8,000
AndyWho is Watt?
$4,000
James Watt

Final scores:

Dave Regina Andy
$4,999 $4,600 $18,200
2nd place: $5,000 if eliminated 3rd place: $5,000 if eliminated Automatic semifinalist

Game dynamics:

Coryat scores:

Dave Regina Andy
$8,800 $12,600 $12,800
19 R
(including 1 DD),
4 W
14 R,
0 W
16 R
(including 2 DDs),
3 W

Combined Coryat: $34,200

The J! Archive is created by fans, for fans. The Jeopardy! game show and all elements thereof, including but not limited to copyright and trademark thereto, are the property of Jeopardy Productions, Inc. and are protected under law. This website is not affiliated with, sponsored by, or operated by Jeopardy Productions, Inc. Join the discussion at JBoard.tv.